Estatísticas para Presidentes do Brasil por Imagem

Clique aqui para jogar o quiz

Estatísticas Gerais

  • Esse quiz foi jogado 18 687 vezes
  • A pontuação média é 13 de 36

Estatísticas das Respostas

Resposta% Correto
Luiz Inácio da Silva
100%
Dilma Rousseff
99%
Jair Bolsonaro
99%
Michel Temer
94%
Getúlio Vargas
90%
Fernando Collor
82%
Fernando Henrique Cardoso
76%
Deodoro da Fonseca
62%
Juscelino Kubitschek
60%
Jânio Quadros
52%
José Sarney
50%
João Goulart
47%
Itamar Franco
40%
João Figueiredo
37%
Castello Branco
36%
Emílio Garrastazu Médici
34%
Floriano Peixoto
32%
Costa e Silva
27%
Eurico Gaspar Dutra
25%
Ernesto Geisel
24%
Hermes da Fonseca
17%
Café Filho
16%
Washington Luís
16%
Nilo Peçanha
14%
Prudente de Morais
13%
Afonso Pena
11%
Artur Bernardes
9%
Campos Sales
9%
Epitácio Pessoa
8%
Ranieri Mazzilli
8%
Venceslau Brás
8%
Carlos Luz
7%
José Linhares
7%
Nereu Ramos
7%
Rodrigues Alves
7%
Delfim Moreira
6%

Distribuição das Pontuações

Percentil de Números Respondidos

Porcentagem de Pessoas com Cada Pontuação

Sua Pontuação Histórica

Você não jogou esse quiz